00361nam a2200133Ia 4500008004100000020001500041041001200056082001600068100002000084245005800104260004200162300000900204650001400213221030s9999 xx 000 0 und d a8185461074 aEnglish a105.23bRaf aM. Rafiquzzaman 0aMicroprocessors & Microcomputer - Based System Design bUniversal Book StallaNew Delhic2003 a1075 aComputers